Judgement and qualitative adjustment in commercial property forecasting (Record no. 104589)

MARC details
000 -LEADER
fixed length control field 01400cam a2200229 4500
001 - CONTROL NUMBER
control field ##L130871
008 - FIXED-LENGTH DATA ELEMENTS--GENERAL INFORMATION
fixed length control field 050909n2005 000 0 eng u
020 ## - INTERNATIONAL STANDARD BOOK NUMBER
International Standard Book Number 1842192434
035 ## - SYSTEM CONTROL NUMBER
System control number (Sirsi) u130871
041 0# - LANGUAGE CODE
Language code of text/sound track or separate title eng
050 04 - LIBRARY OF CONGRESS CALL NUMBER
Classification number 333.337 $2 18
100 1# - MAIN ENTRY--PERSONAL NAME
Personal name Gallimore, Paul
245 00 - TITLE STATEMENT
Title Judgement and qualitative adjustment in commercial property forecasting
260 ## - PUBLICATION, DISTRIBUTION, ETC.
Place of publication, distribution, etc. London
Name of publisher, distributor, etc. RICS
Date of publication, distribution, etc. 2005
490 00 - SERIES STATEMENT
Series statement RICS Research Paper Series
Volume/sequential designation 5(11)
520 ## - SUMMARY, ETC.
Summary, etc. Notes that property market forecasts are now integral to the decision-making processes in commercial property investment. As a result modelling has become increasingly sophisticated, but the qualitative judgement of forecasters is an essential part of the process as forecasters use their judgement to make adjustments to the modelling results. Final forecasts are rarely simply the outputs of the models used but are mediated and contested within organisations. Critically, forecasts need to be acceptable to their users and forecasters have incentives to avoid presenting contentious or conspicuous forecasts. There is clear evidence of this tendency, with forecasts being adjusted to reduce this kind of risk.
590 ## - LOCAL NOTE (RLIN)
Local note IKA061205
690 ## - LOCAL SUBJECT ADDED ENTRY--TOPICAL TERM (OCLC, RLIN)
Topical term or geographic name as entry element PROPERTY-COMMERCIAL PROPERTY-COMMERCIAL PROPERTY MARKET
700 1# - ADDED ENTRY--PERSONAL NAME
Personal name McAllister, Patrick
710 2# - ADDED ENTRY--CORPORATE NAME
Corporate name or jurisdiction name as entry element Royal Institution of Chartered Surveyors
Subordinate unit Research
9 (RLIN) 4902
942 ## - ADDED ENTRY ELEMENTS (KOHA)
Suppress in OPAC 0
Holdings
Withdrawn status Lost status Source of classification or shelving scheme Damaged status Not for loan Home library Current library Shelving location Date acquired Total Checkouts Full call number Barcode Date last seen Copy number Price effective from Koha item type
    Dewey Decimal Classification     Virtual Virtual Reference copy 06/12/2005   ONLINE PUBLICATION 130871-2001 06/08/2019 1 06/08/2019 Book